Elementos de teoria del Enjuiciamiento y Practica Forense Peruana : (Record no. 11935)

000 -CABECERA
fixed length control field 00875nam a22002057a 4500
003 - IDENTIFICADOR DEL NÚMERO DE CONTROL
control field AR-CdUCM
008 - DATOS DE LONGITUD FIJA--INFORMACIÓN GENERAL
fixed length control field 190401b ||||| |||| 00| 0 spa d
040 ## - FUENTE DE LA CATALOGACIÓN
Agencia/entidad que catalogó originalmente la obra MUNICIPALIDAD PROVINCIAL DEL CUSCO
Entidad que transcribió la catalogación BIBLIOTECA MUNICIPAL DEL CUSCO
082 ## - NÚMERO DE LA CLASIFICACIÓN DECIMAL DEWEY
No. de Clasificación 345.707 /
Notacion interna L21 / 1879
No. de la edición 2ed.
100 ## - ENTRADA PRINCIPAL--NOMBRE DE PERSONA
Nombre Personal Lama, Miguel Antonio De La
245 ## - MENCIÓN DE TÍTULO
Título Elementos de teoria del Enjuiciamiento y Practica Forense Peruana :
Resto del título con un formulario lacónico y completo /
260 ## - PUBLICACIÓN, DISTRIBUCIÓN, ETC.
Lugar de publicación, distribución, etc. Lima :
Nombre de la editorial, distribuidor, etc. Libr. universal de D. Benito Gil.
Fecha de publicación, distribución, etc. 1879.
300 ## - DESCRIPCIÓN FÍSICA
Nº de Páginas Extensión 2 tomos ;
Dimensiones 19 cm.
505 ## - NOTA DE CONTENIDO CON FORMATO
Nota de contenido formateada Contenido: t.1. Juicios criminales -- Personas -- Procedimientos -- Enjuiciamiento -- Ejecución de las sentencias -- Juicios privativos. t.4. Juicios criminales y privativos.
650 ## - PUNTO DE ACCESO ADICIONAL DE MATERIA--TÉRMINO DE MATERIA
Descriptor Juicios
9 (RLIN) 7111
650 ## - PUNTO DE ACCESO ADICIONAL DE MATERIA--TÉRMINO DE MATERIA
Descriptor Sentencias
9 (RLIN) 22509
650 ## - PUNTO DE ACCESO ADICIONAL DE MATERIA--TÉRMINO DE MATERIA
Descriptor Leyes
9 (RLIN) 4808
942 ## - ELEMENTOS DE PUNTO DE ACCESO ADICIONAL (KOHA)
Fuente de clasificación
Tipo de item Libros-BMC
945 ## - PROCESAMIENTO DE INFORMACIÓN LOCAL (OCLC)
Catalogador acv
AAAA-MM-DD - Fecha de ingreso o modificacion 05/04/2019
Holdings
Estado de retiro (separado) Fuente de clasificación o esquema de estanterías Estado dañado Ubicación Sala donde se ubica Nombre de la colección Fecha de adquisición o compra Costo, precio normal en soles Signatura topográfica Código de Barras Última vez visto (Koha) Tipo de ítem (Koha)
No     Sala Cusco Antiguo Sala Cusco Antiguo Book Cart 2019-04-05 85.00 345.707 / L21 / t.1 / 1879 SCA0001778 2019-04-05 Libros-BMC
No     Sala Cusco Antiguo Sala Cusco Antiguo Book Cart 2019-04-05 85.00 345.707 / L21 / t.4 / 1879 SCA0001779 2019-04-05 Libros-BMC

Powered by Koha